Държавите в Южна Америка - Statistics

General Stats
  • This quiz has been taken 139 times
  • The average score is 10 of 12
Answers on the Map
Answers color-coded by a green-red scale on the quiz's map according to % correct below.
 
Answer Stats
Country % Correct
Бразилия
99%
Аржентина
94%
Чили
93%
Перу
90%
Венецуела
88%
Колумбия
88%
Боливия
85%
Уругвай
84%
Еквадор
82%
Парагвай
82%
Суринам
71%
Гаяна
62%
No matching quizzes found
Score Distribution
Percent of People with Each Score
Percentile by Number Answered
Your Score History
You have not taken this quiz